| 000 | 00378nam a22001217a 4500 | ||
|---|---|---|---|
| 999 |
_c109806 _d109806 |
||
| 005 | 20181226104456.0 | ||
| 008 | 181226b ||||| |||| 00| 0 eng d | ||
| 040 | _cPK-LaUMT | ||
| 082 |
_aRHC 327.5491 _bFOR- |
||
| 245 |
_aForeign office year book 2004-05/ _cRiaz Ahmed Syed(Editor) |
||
| 260 |
_aIslamabad: _bMinistry of Foreign Affairs Government of Pakistan _c2005 |
||
| 942 | _cBK | ||